|
|
|
|
| LEADER |
00000nlm2a2200000 4500 |
| 001 |
344803 |
| 005 |
20231102005714.0 |
| 035 |
|
|
|a (RuTPU)RU\TPU\book\376588
|
| 090 |
|
|
|a 344803
|
| 100 |
|
|
|a 20200429d2020 k y0rusy50 ca
|
| 101 |
0 |
|
|a rus
|
| 102 |
|
|
|a RU
|
| 135 |
|
|
|a drcn ---uucaa
|
| 181 |
|
0 |
|a i
|
| 182 |
|
0 |
|a b
|
| 200 |
0 |
|
|a Т. 331, № 4
|
| 203 |
|
|
|a Текст
|c электронный
|
| 210 |
|
|
|d 2020
|
| 320 |
|
|
|a Библиогр. в конце статей
|
| 461 |
|
1 |
|0 (RuTPU)RU\TPU\book\312844
|x 2413-1830
|t Известия Томского политехнического университета [Известия ТПУ]. Инжиниринг георесурсов
|f Национальный исследовательский Томский политехнический университет (ТПУ)
|v Т. 331, № 4
|d 2015-
|
| 601 |
0 |
2 |
|a Национальный исследовательский Томский политехнический университет (ТПУ)
|c (2009- )
|2 stltpush
|3 (RuTPU)RU\TPU\col\15902
|
| 606 |
1 |
|
|a Научно-технический потенциал
|2 stltpush
|3 (RuTPU)RU\TPU\subj\45166
|9 64427
|
| 610 |
1 |
|
|a научные исследования
|
| 610 |
1 |
|
|a труды учёных ТПУ
|
| 610 |
1 |
|
|a геоэкология
|
| 610 |
1 |
|
|a окружающая среда
|
| 610 |
1 |
|
|a математические модели
|
| 610 |
1 |
|
|a утилизация
|
| 610 |
1 |
|
|a химические реакции
|
| 610 |
1 |
|
|a экология
|
| 610 |
1 |
|
|a гидрогеологические факторы
|
| 610 |
1 |
|
|a газопроводы
|
| 610 |
1 |
|
|a ресурсосберегающие технологии
|
| 610 |
1 |
|
|a экосистемы
|
| 610 |
1 |
|
|a экспериментальные исследования
|
| 610 |
1 |
|
|a инженерно-геокриологические исследования
|
| 610 |
1 |
|
|a геолого-технологическая информация
|
| 610 |
1 |
|
|a энергетические исследования
|
| 610 |
1 |
|
|a компьютерное моделирование
|
| 610 |
1 |
|
|a нефтегазовый потенциал
|
| 610 |
1 |
|
|a нефтяные месторождения
|
| 610 |
1 |
|
|a водные объекты
|
| 610 |
1 |
|
|a эколого-геохимическое состояние
|
| 610 |
1 |
|
|a геологические факторы
|
| 610 |
1 |
|
|a солевые отложения
|
| 610 |
1 |
|
|a питьевые воды
|
| 610 |
1 |
|
|a колчеданные месторождения
|
| 610 |
1 |
|
|a микроэлементный состав
|
| 610 |
1 |
|
|a подземные воды
|
| 610 |
1 |
|
|a теплоперенос
|
| 610 |
1 |
|
|a тепловая изоляция
|
| 610 |
1 |
|
|a аварии
|
| 610 |
1 |
|
|a гидротехнические сооружения
|
| 610 |
1 |
|
|a золоторудные месторождения
|
| 610 |
1 |
|
|a нефтеотдача
|
| 610 |
1 |
|
|a гидравлические разрывы
|
| 610 |
1 |
|
|a пласты
|
| 610 |
1 |
|
|a электрические сети
|
| 610 |
1 |
|
|a газовые месторождения
|
| 610 |
1 |
|
|a фильтрация
|
| 610 |
1 |
|
|a гидротехнические сооружения
|
| 610 |
1 |
|
|a вечная мерзлота
|
| 610 |
1 |
|
|a электромагнитная сушка
|
| 610 |
1 |
|
|a влажные материалы
|
| 610 |
1 |
|
|a эмульгирование
|
| 610 |
1 |
|
|a механическое перемешивание
|
| 610 |
1 |
|
|a золотоносные районы
|
| 610 |
1 |
|
|a воронкообразование
|
| 610 |
1 |
|
|a подземные разработки
|
| 610 |
1 |
|
|a устойчивое развитие
|
| 610 |
1 |
|
|a горнотехнические системы
|
| 675 |
|
|
|a 62
|v 3
|
| 801 |
|
2 |
|a RU
|b 63413507
|c 20200514
|g RCR
|
| 856 |
4 |
0 |
|u http://earchive.tpu.ru/bitstream/11683/58636/1/bulletin_tpu-2020-v331-i4.pdf
|
| 856 |
4 |
0 |
|u https://doi.org/10.18799/24131830/2020/4
|
| 942 |
|
|
|c CF
|